| 000 | 00682nam a2200229 a 4500 | ||
|---|---|---|---|
| 001 | BRL_179 | ||
| 005 | 20190320210625.0 | ||
| 008 | 830207s1981 mx-a#####b---#000-0#spa-# | ||
| 040 |
_aDLC _cDLC _dDLC |
||
| 050 | 4 |
_aF1219.3.M59 _b.I57 1981 |
|
| 245 | 1 | 0 |
_aEl Instituto Lingeuístico de Verano _cpor Pedro Alisedo ... [et al.] |
| 260 |
_aMéxico _bProceso _c1981 |
||
| 300 |
_a119 p. _bil. _c20 cm. |
||
| 500 | _aAu224 | ||
| 610 | 2 | 4 |
_aSummer Institute of Linguistics _923137 |
| 650 | 1 | 4 |
_aIndígenas de México _xMisiones _9864 |
| 650 | 1 | 4 |
_aMisiones _zMéxico _923138 |
| 650 | 1 | 4 |
_aAculturación _zMéxico _923139 |
| 700 | 1 |
_aAlisedo, Pedro _923140 |
|
| 902 | _aGRL | ||
| 942 |
_2lcc _cB |
||
| 999 |
_c8992 _d8992 |
||